000 00262nam a22001217a 4500
008 181009b xxu||||| |||| 00| 0 eng d
041 _aeng
080 _a316
100 _a50
101 _aPSI
245 _aWomen In Latin America
_cWall.B
942 _2udc
_cBK
999 _c49202
_d49202